MARC

LEADER 00000nam0a2200000 4500
001 276054
005 20231101234902.0
035 |a (RuTPU)RU\TPU\book\299307 
035 |a RU\TPU\book\183521 
090 |a 276054 
100 |a 20141118d1985 m y0rusy50 ca 
101 0 |a rus 
102 |a RU 
105 |a a j 001zy 
200 1 |a Практикум по ядерной физике  |e учебное пособие  |f А. Н. Бояркина  |g Московский государственный университет им. М. В. Ломоносова (МГУ) 
205 |a 3-е изд., доп. 
210 |a Москва  |c Изд-во МГУ  |d 1985 
215 |a 82 с.  |c ил. 
320 |a Библиография в конце глав 
606 1 |a Ядерная физика  |2 stltpush  |3 (RuTPU)RU\TPU\subj\21560  |9 46524 
610 1 |a ядерные излучения 
610 1 |a детекторы 
610 1 |a результаты измерений 
610 1 |a математическая обработка 
610 1 |a лабораторные работы 
610 1 |a описание 
610 1 |a учебные пособия 
610 1 |a радиоактивность 
675 |a 539.1(075.8)  |v 4 
700 1 |a Бояркина  |b А. Н.  |g Алла Николаевна 
712 0 2 |a Московский государственный университет им. М. В. Ломоносова (МГУ)  |2 stltpush  |3 (RuTPU)RU\TPU\col\7 
801 1 |a RU  |b 63413507  |c 20091109 
801 2 |a RU  |b 63413507  |c 20170130  |g RCR 
942 |c BK